000 00303nam a2200133Ia 4500
008 240624s9999 xx 000 0 und d
041 _aeng
082 _a200 PAT
100 _aPATTANAIK DEVDUTT
245 _aMY GITA
260 _c2015
_aNew Delhi
_bRupa
300 _a248 : p. : cm. ; 19
365 _cRS
999 _c28455
_d28455